000 00959cam a2200253 4500
008 090401t1995 xxu||||| |||| 00| 0 eng d
020 _a0419204008
035 _a(Sirsi) u62537
041 _aeng
050 _a624.05
245 _aTaking off quantities: civil engineering.
260 _aLondon
_bE & FN Spon
_c1995
300 _avii,208p. : ill. ; 30cm.
350 _a19.99
520 _aThis book provides a thorough understanding of the general principles of measurement for taking off quantities and sets out a series of detailed worked examples from a range of civil engineering projects. An essential guide for quantity surveyors, architects or engineers.
650 _aBILLS OF QUANTITIES
650 _aCIVIEL ENGINEERING STANDARD METHOD OF MEASUREMENT (THIRD EDITION)
650 _aCIVIL ENGINEERING
650 _aTAKING-OFF
690 _aQuantity surveying
_96263
700 _aTweeds,
_xEditor
942 _n0
948 _c04/03/1997
999 _c94436
_d94436